| 000 | nam a22 7a 4500 | ||
|---|---|---|---|
| 999 |
_c47104 _d47104 |
||
| 003 | OSt | ||
| 005 | 20190503103117.0 | ||
| 008 | 190503b xxu||||| |||| 00| 0 eng d | ||
| 040 | _cIIMT COLLEGE OF LAW,GREATER NOIDA | ||
| 100 | _aMAHMOOD,TAHIR | ||
| 245 | _aINTRODUCTION TO MUSLIM LAW | ||
| 260 |
_aNEW DELHI _bUNIVERSAL _c2018 |
||
| 300 | _a244 | ||
| 942 |
_2ddc _c02 |
||